ბათუმის შოთა რუსთაველის სახელმწიფო უნივერსიტეტის ბიბლიოთეკა

თანამედროვე სამეცნიერო-ტექნიკური რევოლუცია, მისი ეკონომიური და სოციალური პრობლემები / (ბიბ.ჩანაწერი № 64086)

000 -ლიდერი
ფიქსირებული სიგრძის საკონტროლო ველი 01284nam a22001817a 4500
003 - საკონტროლო ნომრის იდენტიფიკატორი
საკონტროლო ველი Ge_BSU
005 - ბოლო ოპერაციის თარიღი და დრო
საკონტროლო ველი 20260327112608.0
008 - ფიქსირებული სიგრძის მონაცემთა ელემენტები - ზოგადი ინფორმაცია
ფიქსირებული სიგრძის საკონტროლო ველი 260327s1973 ge ||||| |||| 00| 0 geo d
041 ## - ენის კოდი
Language code of text/sound track or separate title geo
080 ## - უნივერსალური ათობითი კლასიფიკაციის ინდექსი
Universal Decimal Classification number 330.341.1(47+57) ბ-29
100 ## - მთავარი ჩანაწერი - პიროვნების სახელი
Personal name ბასილაია, გ.
9 (RLIN) 27221
245 ## - ცნობა სათაურის შესახებ
Title თანამედროვე სამეცნიერო-ტექნიკური რევოლუცია, მისი ეკონომიური და სოციალური პრობლემები /
Statement of responsibility, etc გ. ბასილაია; საქართველოს კპ. ცკ-ისა და თბილ. კომ-ტის პოლიტ. განათლ. რესპ. სახლი.
264 ## - წარმოების, გამოცემის, დისტრიბუციის და სხვა ცნობები
გამოცემის, წარმოების, დისტრიბუციის... ადგილი თბილისი :
გამოცემის, წარმოების, დისტრიბუციის... სახელწოდება საქართველოს კპ ცკ-ის გამ-ბა,
გამოცემის, წარმოების, დისტრიბუციის... თარიღი 1973.
300 ## - ფიზიკური აღწერა
Extent 117 გვ. ;
Other physical details 16 სმ.
653 ## - INDEX TERM--UNCONTROLLED
Uncontrolled term სამეცნიერო-ტექნიკური რევოლუცია
710 ## - ADDED ENTRY--CORPORATE NAME
Corporate name or jurisdiction name as entry element საქართველოს კპ. ცკ-ისა და თბილისის კომიტეტის პოლიტიკური განათლების რესპუბლიკური სახლი.
9 (RLIN) 25894
942 ## - ADDED ENTRY ELEMENTS (KOHA)
Source of classification or shelving scheme
Koha item type წიგნი
ეგზემპლარები
ჩამოწერის სტატუსი დაკარგული ეგზემპლარის სტატუსი კლასიფიკაციის წყარო ან თაროზე გაწყობის სქემა დაზიანების სტატუსი არ გაიცემა მუდმივი მდებარეობა (დაცვის ადგილი) ამჟამინდელი ადგილსამყოფელი თაროზე განთავსების ადგილი შეძენის თარიღი ღირებულება, შესყიდვის ნორმალური ფასი სრული შენახვის შიფრი შტრიხკოდი ბოლო ოპერაციის თარიღი ეგზემპლარის მიმდევრობითი ნომერი (კეტერი?) ფასის ძალაში შესვლის თარიღი ეგზემპლარის სახეობა საჯარო შენიშვნა
          ბათუმის შოთა რუსთაველის სახელმწიფო უნივერსიტეტის მთავარი ბიბლიოთეკა ბათუმის შოთა რუსთაველის სახელმწიფო უნივერსიტეტის მთავარი ბიბლიოთეკა წიგნსაცავი 2026-03-27 0.28 330.341.1(47+57) ბ-29 74154 2026-03-27 74154 2026-03-27 წიგნი 0.28 თ.